| 000 | 00611nam a2200277Ia 4500 | ||
|---|---|---|---|
| 008 | 210210b2011 xxu||||| |||| 00| 0 eng d | ||
| 020 | _a9781844453702 | ||
| 041 | _aeng | ||
| 082 | _a361.3 PARV | ||
| 100 | _aPARROTT (Lester) | ||
| 245 | _aValues and ethics in social work practice Ed 2 | ||
| 250 | _a | ||
| 260 |
_aUK _bM Learning Matters _c2011 |
||
| 300 | _axvii,173 | ||
| 650 | _awork | ||
| 650 | _aValues | ||
| 650 | _asocial | ||
| 650 | _apractice | ||
| 650 | _ain | ||
| 650 | _aethics | ||
| 650 | _aEd | ||
| 650 | _aand | ||
| 650 | _a2 | ||
| 690 | _aSocial Work | ||
| 906 | _a066049 | ||
| 999 |
_c146783 _d146783 |
||